Science, Technology, and Development / (Record no. 616641)

MARC details
000 -LEADER
fixed length control field 00518nam a2200169Ia 4500
008 - FIXED-LENGTH DATA ELEMENTS--GENERAL INFORMATION
fixed length control field 260302s9999 xx 000 0 und d
020 ## - INTERNATIONAL STANDARD BOOK NUMBER
ISBN 9780714634555
082 ## - DEWEY DECIMAL CLASSIFICATION NUMBER
Classification number 338.926
Item number HUQ
100 ## - MAIN ENTRY--AUTHOR NAME
Personal name Huq, M. M.
245 #0 - TITLE STATEMENT
Title Science, Technology, and Development /
Statement of responsibility, etc Huq, M. M.
260 ## - PUBLICATION, DISTRIBUTION, ETC. (IMPRINT)
Name of publisher Routledge,
Year of publication 1991
300 ## - PHYSICAL DESCRIPTION
Number of Pages 219 pages
520 ## - SUMMARY, ETC.
Summary, etc First Published in 1992. Routledge is an imprint of Taylor & Francis, an informa company.
650 ## - SUBJECT ADDED ENTRY--TOPICAL TERM
Topical Term Business & Economics
942 ## - ADDED ENTRY ELEMENTS (KOHA)
Koha item type English Books
Holdings
Withdrawn status Lost status Damaged status Not for loan Home library Current library Shelving location Date acquired Full call number Accession Number Price effective from Koha item type
        Anna Centenary Library Anna Centenary Library 4TH FLOOR, A WING 02.03.2026 338.926 HUQ 174171 02.03.2026 English Books

Find us on the map